000 00544nam a2200205Ia 4500
008 191130s2003##################000#0#eng##
020 _a9781580420693
022 _a2002105877
040 _aACL
_cACL
082 _a795 JEN
100 _aJensen, Marten
245 _aBeat multiple deck blackjack
_cMarten Jensen
250 _a1st ed
260 _aBrooklyn, NY
_bCardoza Publishing
_c2003
300 _a144 p. ; 22 cm
650 _aBlackjack (Game)
990 _a87faffe8ac10000c6150055f50187d74
991 _a326487
999 _c112752
_d112752